THE COLLEGE WRITER: A GUIDE TO THINKING, WRITING AND RESEARCHING. (Record no. 216496)
[ view plain ]
| 000 -LEADER | |
|---|---|
| fixed length control field | 00629nam a22001937a 4500 |
| 008 - FIXED-LENGTH DATA ELEMENTS--GENERAL INFORMATION | |
| fixed length control field | 260128b |||||||| |||| 00| 0 eng d |
| 020 ## - INTERNATIONAL STANDARD BOOK NUMBER | |
| International Standard Book Number | 978-0-495-91583-6 |
| 050 ## - LIBRARY OF CONGRESS CALL NUMBER | |
| Classification number | PE 1408. C65 2012 |
| Item number | 1 |
| 100 ## - MAIN ENTRY--PERSONAL NAME | |
| Personal name | VANDERMAY,RANDALL |
| 245 ## - TITLE STATEMENT | |
| Title | THE COLLEGE WRITER: A GUIDE TO THINKING, WRITING AND RESEARCHING. |
| 250 ## - EDITION STATEMENT | |
| Edition statement | 4TH |
| 260 ## - PUBLICATION, DISTRIBUTION, ETC. | |
| Place of publication, distribution, etc. | B0STON, |
| Name of publisher, distributor, etc. | WADSWORTH CENGAGE LEARNING, |
| Date of publication, distribution, etc. | 2012, |
| 300 ## - PHYSICAL DESCRIPTION | |
| Extent | XXViii, 723 P,ILL |
| 500 ## - GENERAL NOTE | |
| General note | INCLUDES BIBLIOGRAPHICAL REFERENCES AND INDEX |
| 650 ## - SUBJECT ADDED ENTRY | |
| Topical term or geographic name entry element | ENGLISH LANGUAGE- RHETORIC, REPORT WRITING |
| 700 ## - ADDED ENTRY--PERSONAL NAME | |
| Personal name | MEYER VERNE, VAN RYS JOHN, |
| 942 ## - ADDED ENTRY ELEMENTS (KOHA) | |
| Source of classification or shelving scheme | Library of Congress Classification |
| Koha item type | Long Loan Book |
| Withdrawn status | Lost status | Source of classification or shelving scheme | Damaged status | Not for loan | Collection | Home library | Current library | Shelving location | Date acquired | Inventory number | Total checkouts | Full call number | Barcode | Date last seen | Copy number | Price effective from | Koha item type |
|---|---|---|---|---|---|---|---|---|---|---|---|---|---|---|---|---|---|
| Library of Congress Classification | Arts & Social Sciences | Kisii University Library | Kisii University Library | On Display | 01/28/2026 | 111218 | PE 1408 .C65 2012 | 000000019259 | 01/28/2026 | 1 | 01/28/2026 | Long Loan Book | |||||
| Library of Congress Classification | Arts & Social Sciences | Kisii University Library | Kisii University Library | On Display | 01/28/2026 | 111219 | PE 1408 .C65 2012 | 000000019260 | 01/28/2026 | 2 | 01/28/2026 | Long Loan Book | |||||
| Library of Congress Classification | Arts & Social Sciences | Kisii University Library | Kisii University Library | On Display | 01/28/2026 | 111220 | PE 1408 .C65 2012 | 000000019261 | 01/28/2026 | 3 | 01/28/2026 | Long Loan Book | |||||
| Library of Congress Classification | Arts & Social Sciences | Kisii University Library | Kisii University Library | On Display | 01/28/2026 | 111221 | PE 1408 .C65 2012 | 000000019262 | 01/28/2026 | 4 | 01/28/2026 | Long Loan Book | |||||
| Library of Congress Classification | Arts & Social Sciences | Kisii University Library | Kisii University Library | On Display | 01/28/2026 | 111222. | PE 1408 .C65 2012 | 000000019263 | 01/28/2026 | 5 | 01/28/2026 | Long Loan Book |